Quiz français 2 - Statistiques

Statistiques générales
  • Ce quiz a été pris 3 fois
  • Le résultat moyen est 22 sur 55
Statistiques - réponses
Hint Réponse % Correct
somme payée pour une infraction amende
100%
perte de mémoire amnésie
100%
personnage opposé au héros antagoniste
100%
avant dernier antépénultième
100%
rendre sec assécher
100%
s'installer dans un nouveau logement emménager
100%
héros protagoniste
100%
citation d'un fait allégation
50%
distributions de ressources ou fonds allocation
50%
discours allocution
50%
mouvement opposé à la mondialisation altermondialisme
50%
choix entre plusieurs options alternative
50%
gentillesse altruisme
50%
fruit sec amande
50%
qui peut être interpreté de plusieurs manières ambigu
50%
organiser un espace aménager
50%
modification amendement
50%
conduire qql qqpart amener
50%
chaos anarchie
50%
fixer solidement ancrer
50%
détruire annihiler
50%
élever au rong de noble anoblir
50%
mettre une date antérieur antidater
50%
sommet apogée
50%
salaire ou rémunération appointements
50%
action de prendre quelque chose pour soi appropriation
50%
régler une dette apurer
50%
relatif à un arbitrage arbitral
50%
attitude de mépris envers les autres arrogance
50%
soumettre quelqu'un à une servitude asservir
50%
signe ou présage d'un événement futur augure
50%
déshydrater dessécher
50%
prendre qql avec soi emmener
50%
remplir d'ancre encrer
50%
élever qql moralement ennoblir
50%
insérer quelque chose insertion
50%
mettre une date ultérieur postdater
50%
annuler des conséquences pénales amnistie
0%
absence d'organisation ou de loi anomie
0%
contradiction entre principes antinomie
0%
qui présente une antinomie antinomique
0%
droit ou privilège exclusif apanage
0%
qui dépend d'une décision personelle arbitraire
0%
tirer argument argüer
0%
somme d'argent versée pour garantir un contrat arrhes
0%
s'attribuer un droit arroger
0%
déclaration d'un fait assertion
0%
être soumis à une domination asservissement
0%
mettre sous sa domination assujettir
0%
retarder/hésiter atermoyer
0%
porter atteinte à attenter
0%
propriété / aspect attribut
0%
prévoir / prédire augurer
0%
rendre pur ou simplifier épurer
0%
entreprendre une action en justice contre qql intenter
0%
Aucun quiz correspondant
Distribution des résultats
% des personnes avec chaque résultat
Percentile par nombre de réponses
Votre historique - résultats
Vous n’avez pas pris ce quiz